[Event "Pardubice"]
[Site "Pardubice"]
[Date "1994.??.??"]
[Round "2"]
[White "Khalifman, Alexander"]
[Black "Hracek, Zbynek"]
[Result "0-1"]
[WhiteElo "2645"]
[BlackElo "2530"]
[Annotator "Boensch,U"]
[PlyCount "140"]
[EventDate "1994.07.??"]
[EventType "tourn"]
[EventRounds "9"]
[EventCountry "CZE"]
[EventCategory "15"]
[SourceTitle "CBM 042"]
[Source "ChessBase"]
[SourceDate "1994.10.01"]
[SourceVersion "1"]
[SourceVersionDate "1994.10.01"]
[SourceQuality "1"]

1. Nf3 {Hecht Ernst} c5 2. c4 Nc6 3. d4 cxd4 4. Nxd4 g6 5. e4 Nf6 6. Nc3 d6 7.
Be2 Bg7 8. Be3 O-O 9. O-O Bd7 10. Qd2 (10. f3 Nxd4 11. Bxd4 Bc6 12. b4 Nh5 13.
Bxg7 Nxg7 14. Rb1 a5 15. b5 Bd7 16. f4 Be6 17. Qd4 Rc8 18. Na4 $14 {
Chiburdanidze,M-Ivkov,B/Monaco Veterans-Women (05)/1994/0,5}) 10... Nxd4 11.
Bxd4 Bc6 12. f3 (12. Bd3 a5 13. Rfe1 Nd7 14. Bxg7 Kxg7 15. Re3 h6 16. b3 Qb6
17. Nd5 Qd4 18. Rd1 e5 19. Nc3 Nf6 20. Bc2 Qxd2 21. Rxd2 Rfd8 $10 {Sorokin,
M-Spangenberg,H/Buenos Aires ARG-WORLD (3)/0,5 (35)}) 12... a5 13. b3 (13. Rfe1
$6 Nd7 14. Be3 a4 15. Bf1 Qa5 16. Rab1 Rfc8 $15 {Hernandez,Rom-Zarnicki,P/San
Martin (08)/1994/0,5 (44)}) 13... Nd7 14. Be3 (14. Bf2 Nc5 15. Rab1 Qc7 16.
Rfc1 Rfc8 17. Bd1 Qd8 18. a3 b6 19. b4 axb4 20. axb4 Nd7 21. Bb3 $14 {Renet,
O-Spangenberg,H/Buenos Aires ARG-WORLD (04)/1994/1-0 (33)}) 14... Nc5 15. Rab1
Qb6 16. Rfc1 Rfc8 17. Rc2 Qd8 18. Bf1 (18. a3 h5 19. Bf1 Bd7 20. Nd5 e6 21. Nc3
Qe7 $14 {Ivanchuk,V-Larsen,B/Roquebrune 30'/1992/0,5 (45)}) (18. Nd1 {Ernst}
Qf8 $10 {Ftacnik-Smejkal/BL9293/1992/} (18... Qe8 19. Nf2 h5 20. Nd3 b6 21. Nf4
Kh7 22. Bf1 $14 {Nenashev-Baimuratov/Bishkek zt/1993/})) 18... Be5 (18... b6
19. a3 Rcb8 20. b4 axb4 21. axb4 Ne6 22. Nd5 Nf8 23. Qf2 $14 {Vilela,
JL-Estevez,G/Santa Clara (01)/1991/0,5 (57)}) (18... h5 {Ernst Horvath,Jo-Reeh,
O/Budapest Kasparov/1991/} 19. Nb5 $1 $14) 19. a3 (19. Nd1 {Ernst} Qe8 20. Nf2
$14 {Vaganian-Ivkov/Moscow/1985/}) 19... Qf8 20. Nd5 (20. b4 axb4 21. axb4 Na4
22. Ne2 $14) 20... Bxd5 21. exd5 (21. cxd5 a4 22. bxa4 Rxa4 $10) 21... Qg7 22.
b4 axb4 23. axb4 Na4 24. Rb3 (24. c5 $5) 24... b6 25. Ra3 Qf8 26. Bd4 (26. Rca2
Qe8 27. Qc2 b5 28. c5 Nc3 (28... dxc5 {Ernst} 29. bxc5 Bd6 $1 $17) 29. Rxa8
Rxa8 30. Rxa8 Qxa8 31. c6 Nxd5 32. c7 Qc8 $17) 26... Bxd4+ 27. Qxd4 Qg7 28.
Qxg7+ Kxg7 29. Rca2 b5 30. c5 (30. cxb5 Nb6 31. Ra6 (31. Rxa8 Rxa8 32. Rxa8 (
32. Ra6 Rb8 $17) 32... Nxa8 33. Bc4 Nb6 34. Bb3 Kf6 35. Kf2 Ke5 36. Ke3 Nxd5+
37. Bxd5 Kxd5 38. Kd3 Ke6 $19) 31... Rab8 $15) 30... Rab8 (30... dxc5 $2 31.
Bxb5 Nb6 32. Rxa8 Nxa8 33. Bc6 $18) 31. c6 (31. Bxb5 Rxb5 32. Rxa4 dxc5 33.
bxc5 Rbxc5 $15 (33... Rcxc5 34. Ra7 $10)) 31... e6 32. Rxa4 $2 (32. Bxb5 $6
Rxb5 33. Rxa4 Rxd5 34. Ra6 Rb5 $15) (32. dxe6 fxe6 33. Rc2 (33. Bxb5 {Ernst}
Rxb5 34. Rxa4 Rxc6 $10) 33... Rc7 34. Bxb5 Rxb5 35. Rxa4 Rb6 $10) 32... bxa4
33. Rxa4 Rc7 34. b5 Kf6 35. Ra6 exd5 36. Kf2 (36. f4 $5) 36... Ke5 37. Ke3 d4+
38. Kd2 Kd5 39. Ra1 Kc5 40. Rc1+ Kb6 41. Kd3 Ra8 (41... Kxb5 $4 {Ernst} 42.
Rb1+ $18) 42. Kxd4 Ra2 43. Rd1 Rca7 44. h3 f5 (44... Ra1 45. Rxa1 Rxa1 46. Bc4
Rd1+ $17) 45. Kd5 Ra1 46. Rxa1 Rxa1 47. Bc4 Rd1+ 48. Ke6 Kc7 $19 49. f4 (49.
Bd5 Re1+ 50. Kf6 Re5 51. Bc4 f4 52. Kg7 d5 $19) (49. Kf6 {Ernst} d5 $19) 49...
Rd4 50. Bd5 Rb4 $1 $19 {Der d-Bauer gewinnt die Partie.} (50... Rxf4 $6 51. b6+
Kxb6 52. Kxd6 (52. Kd7 Ra4) 52... Rf1 53. Ke6 Ra1 $17) 51. g4 Rxb5 (51... Rxf4
{Hecht} 52. gxf5 gxf5 53. b6+ Kxb6 54. Kxd6 (54. Kd7 Ra4 $1) 54... Rf1 55. c7
Rc1 56. Be6 Rxc7 57. Bxf5 $15) 52. gxf5 gxf5 53. h4 h6 54. Bf3 Ra5 55. Bd5 Rc5
56. Bf3 Rb5 57. Bd5 Ra5 58. Bf3 Ra3 59. Bd5 Rd3 60. Bg2 Rd2 61. Bh1 (61. Bd5
Rd4 $19) (61. Bf3 Rf2 $19) 61... Rh2 62. Bd5 Rxh4 63. Kxf5 h5 64. Be4 (64. Kg5
Rg4+ 65. Kxh5 (65. Kf5 Rg1 $19) 65... Rxf4 66. Kg5 Rd4 67. Bf3 d5 $19) 64...
Rh2 (64... Rg4 $2 {Hecht} 65. Bf3 Rh4 66. Kg5 $44 Rh2) 65. Kg5 h4 66. f5 (66.
Kg4 h3 (66... Rd2 {Hecht} 67. f5 d5 68. Bf3 Kxc6 $19) 67. Kg3 (67. f5 Re2 68.
Bf3 (68. Bd5 h2 69. f6 Rf2 70. Kg5 Rf1 $19) 68... h2 69. f6 Rf2 $19) 67... Re2
68. Bf3 (68. Kf3 Rxe4 $19) 68... Re3 69. Kf2 (69. f5 h2 $19) 69... Ra3 70. f5
h2 71. Bh1 Ra5 $19) 66... h3 67. f6 Rf2 68. Kg6 (68. Bf5 Rxf5+ 69. Kxf5 h2 70.
f7 h1=Q $19) 68... h2 69. f7 Rf1 70. Kg7 h1=Q (70... h1=Q 71. Bxh1 Rg1+ $1 $19
(71... Rxh1 {Ernst} 72. f8=Q Rg1+ 73. Kf7 Rf1+ $19) (71... Rg1+ $1 {Hecht} 72.
Kh7 Rxh1+ 73. Kg7 Rf1 74. f8=Q Rxf8 75. Kxf8 d5 $19)) 0-1

[Event "Hoogovens"]
[Site "Wijk aan Zee"]
[Date "1990.01.??"]
[Round "3"]
[White "Short, Nigel D"]
[Black "Andersson, Ulf"]
[Result "1-0"]
[WhiteElo "2635"]
[BlackElo "2630"]
[Annotator "Boensch,U"]
[PlyCount "80"]
[EventDate "1990.01.??"]
[EventType "tourn"]
[EventRounds "13"]
[EventCountry "NED"]
[EventCategory "13"]
[SourceTitle "CBM 017"]
[Source "ChessBase"]
[SourceDate "1990.08.01"]
[SourceVersion "1"]
[SourceVersionDate "1990.08.01"]
[SourceQuality "1"]

1. e4 {Anand} c5 2. Nf3 Nc6 3. d4 cxd4 4. Nxd4 g6 5. c4 Nf6 6. Nc3 d6 7. Be2
Bg7 8. Be3 O-O 9. O-O Bd7 10. Nc2 {10.Dd2; 10.Tc1} Qa5 11. f4 Rac8 (11... Rfc8
$5) 12. Rb1 a6 13. b4 Qd8 (13... Qc7 14. Nd5 Nxd5 15. exd5 $16) 14. Qd3 Bg4 15.
Kh1 Bxe2 16. Qxe2 e6 17. c5 $1 d5 (17... dxc5 18. Bxc5 Re8 19. Rbd1 Qc7 20. e5
$16) 18. Rfd1 Re8 19. a4 Qe7 20. b5 axb5 21. e5 Nd7 22. Nxb5 $1 (22. axb5 Na5 {
x c5}) 22... Rb8 (22... Nxc5 $2 23. Bxc5 Qxc5 24. Nd6 $18) 23. Nd6 Rf8 24. Nd4
(24. Nxb7 $2 Ndxe5) 24... f6 25. Nxb7 Nxd4 26. Bxd4 fxe5 27. fxe5 Rf4 28. c6
Rxd4 $8 29. Rxd4 Nxe5 30. Rdb4 Nxc6 31. Rb6 Nd4 32. Qg4 Rf8 33. a5 Be5 34. a6
Qf6 35. Rg1 Bc7 36. Rbb1 Qe5 37. Qh3 Bb8 38. Nc5 $18 Qd6 39. Rb7 h5 40. Nd7
Qxa6 {Schwarz läßt sich 41.Tb8 Tb8 42.Sb8 Db5 43.De3 nicht mehr zeigen.} 1-0

[Event "EU-chT (Men) 10th"]
[Site "Debrecen"]
[Date "1992.11.??"]
[Round "4.3"]
[White "Hellers, Ferdinand"]
[Black "Cebalo, Miso"]
[Result "1-0"]
[WhiteElo "2510"]
[BlackElo "2515"]
[Annotator "Bulletin"]
[PlyCount "113"]
[EventDate "1992.11.20"]
[EventType "team-swiss"]
[EventRounds "9"]
[EventCountry "HUN"]
[SourceTitle "EU-chT"]
[Source "ChessBase"]
[SourceDate "1999.07.01"]
[SourceVersion "2"]
[SourceVersionDate "1999.07.01"]
[SourceQuality "1"]
[WhiteTeam "Sweden"]
[BlackTeam "Croatia"]
[WhiteTeamCountry "SWE"]
[BlackTeamCountry "CRO"]

1. e4 c5 2. Nf3 Nc6 3. d4 cxd4 4. Nxd4 g6 5. c4 Bg7 6. Be3 Nf6 7. Nc3 d6 8. Be2
O-O 9. O-O Bd7 10. Qd2 Nxd4 11. Bxd4 Bc6 12. f3 a5 13. b3 Nd7 14. Bf2 Nc5 15.
Rab1 e6 (15... Qb6 $5 16. a3 Qd8) 16. Nb5 (16. Rfd1 Be5 17. Bf1 Qf6 18. Ne2 $4
Bxe4 $1) (16. a3 Be5 17. b4 axb4 18. axb4 Na4 19. Nd1 Qf6 20. Rc1 Rfd8 $13) (
16. Rfe1 $5) 16... Be5 17. Nd4 (17. Rbd1 $5 Bxb5 18. cxb5 $14) 17... Qf6 18.
Rbd1 (18. Nxc6 bxc6 19. g3 $14) (18. g3 $5 {/\} Bxe4 $2 19. fxe4 Nxe4 20. Qe3
Nxf2 21. Nc2 $1 $16) 18... Bf4 19. Qc2 (19. Be3 Bxe3+ 20. Qxe3 Qe7 $1 $14)
19... Rfd8 20. g3 Bh6 21. Nb5 (21. Nxc6 bxc6 22. f4 e5 23. f5 $14) 21... Bxb5
22. cxb5 Rac8 23. Bc4 Bg7 24. Rd2 (24. Kg2 {/\ a3, b4}) 24... b6 25. Qd1 Qe7
26. Qe2 Bc3 27. Rc2 Qf6 (27... Bg7 {/\} 28. f4 Qb7 $1) 28. Rd1 Bb4 29. Kg2 Qe7
30. Bd4 e5 31. Bb2 Ne6 32. a3 Bc5 33. Bxe6 Qxe6 (33... fxe6 $1 $14) 34. Rc4 (
34. Rd5 $1 {/\ Rc4, b4}) 34... h5 (34... a4 $1 35. bxa4 (35. b4 Bd4) 35... h5
$16) 35. Rd5 h4 36. g4 (36. b4 axb4 37. axb4 h3+ 38. Kf1 $16) (36. gxh4 $5 {
Andersson}) 36... Qf6 37. b4 axb4 38. axb4 Bd4 39. Rcxd4 (39. Bxd4 Rxc4 40.
Qxc4 h3+ 41. Kf2 Qf4 (41... exd4 42. Kg3) 42. Bxe5 $18) 39... exd4 40. Bxd4 Qf4
41. Bxb6 (41. Be3 $1 $16) 41... Re8 (41... Rc3 $1 42. Bxd8 h3+ 43. Kg1 Re3 44.
Bg5 $1 Qxg5 45. Rxg5 Rxe2 46. b6 $18) 42. Be3 Rc2 43. Bxf4 Rxe2+ 44. Kh3 Rf2
45. Rd3 Rb8 46. Bxd6 Rxb5 47. Kxh4 Rg2 48. Kh3 Rc2 49. Kg3 Rb7 50. Bc5 Rb8 51.
h4 Ra8 52. Rd5 Rb2 53. h5 Kh7 54. hxg6+ Kxg6 55. Rd6+ Kh7 56. g5 Rb3 57. Rh6+
1-0

[Event "Zonal Randers Final"]
[Site "Randers"]
[Date "1982.01.??"]
[Round "6"]
[White "Borik, Otto"]
[Black "Karlsson, Lars"]
[Result "0-1"]
[WhiteElo "2360"]
[BlackElo "2500"]
[Annotator "Bulletin"]
[PlyCount "104"]
[EventDate "1982.01.??"]
[EventType "tourn"]
[EventRounds "7"]
[EventCountry "DEN"]
[EventCategory "8"]
[SourceTitle "MCL"]
[Source "ChessBase"]
[SourceDate "1999.07.01"]
[SourceVersion "1"]
[SourceVersionDate "1999.07.01"]
[SourceQuality "1"]

1. Nf3 c5 2. e4 Nc6 3. d4 cxd4 4. Nxd4 g6 5. c4 Bg7 6. Be3 Nf6 7. Nc3 b6 8. Be2
Bb7 9. O-O O-O 10. f3 (10. f4 $142 {/\ Bf3}) 10... Rc8 11. Qd2 Re8 12. Rfd1 Qc7
13. Rac1 Qb8 14. b3 Nh5 15. Bf1 Be5 16. g3 Bg7 17. Bg2 Nf6 18. Qf2 h5 19. Nde2
Ne5 20. h3 d6 21. Nd4 Ned7 22. g4 a6 23. g5 Nh7 24. h4 Nhf8 25. Bf1 e6 26. Nde2
Ba8 27. Bd4 Bxd4 28. Rxd4 Ne5 29. Rcd1 Red8 30. Bh3 Nc6 31. R4d2 b5 32. cxb5
axb5 33. f4 b4 34. Na4 Ne7 35. Nb6 Bxe4 36. Nxc8 Rxc8 37. Rxd6 Nd5 38. R1xd5
Bxd5 39. Rxd5 exd5 40. Bxc8 Qxc8 41. f5 Qc2 42. Nd4 Qe4 43. fxg6 Nxg6 44. Nf5
Nf4 45. Nh6+ Kh7 46. Kh2 d4 47. Nxf7 d3 48. g6+ Kxg6 49. Nh8+ Kg7 50. Qb2+ Kg8
51. Kg3 Qe3+ 52. Kh2 Qe2+ 0-1

[Event "Seville op"]
[Site "Seville"]
[Date "1993.??.??"]
[Round "6"]
[White "Montecatine Rios, Ricardo"]
[Black "Gomez Jurado, Luis Alberto"]
[Result "0-1"]
[WhiteElo "2345"]
[BlackElo "2305"]
[Annotator "Bulletin"]
[PlyCount "76"]
[EventDate "1993.01.??"]
[EventType "swiss"]
[EventRounds "10"]
[EventCountry "ESP"]
[SourceTitle "CBM 038"]
[Source "ChessBase"]
[SourceDate "1994.02.01"]
[SourceVersion "1"]
[SourceVersionDate "1994.02.01"]
[SourceQuality "1"]

1. Nf3 Nf6 2. c4 c5 3. Nc3 Nc6 4. d4 cxd4 5. Nxd4 g6 6. e4 d6 7. Be2 Bg7 8. Be3
O-O 9. O-O Nxd4 10. Bxd4 Be6 11. Qd2 Qa5 12. Rfd1 Rfc8 13. b3 Qd8 14. Rac1 Qf8
15. f4 Nd7 16. g4 Nc5 17. f5 Bd7 18. b4 (18. Nd5 Nxe4 19. Qf4 Bxd4+ 20. Rxd4
Nc5 {/\e5}) 18... Na6 19. Nd5 Bxd4+ 20. Qxd4 Nc7 $1 21. Ne3 $6 Qh6 22. Rd3 $2 (
22. Rc3 $13) 22... a5 $15 23. Rc2 $6 (23. a3 axb4 24. axb4 Ra2 25. Rd2) 23...
axb4 24. e5 Bc6 $17 25. exd6 exd6 26. Nd5 Nxd5 27. cxd5 Bb5 28. Rdd2 Bxe2 $1
29. Rxe2 Qh4 $1 30. Rxc8+ (30. fxg6 hxg6 31. Qxb4 Rxc2 32. Rxc2 Re8) 30... Rxc8
31. fxg6 hxg6 32. Qxb4 f5 33. Qf4 b5 $1 34. Rf2 $2 (34. Re6 Kf7) 34... Rc4 $19
35. Qxd6 Rxg4+ 36. Kf1 Qh3+ 37. Ke2 Re4+ 38. Kd1 Qd3+ 0-1

[Event "World U20-ch22"]
[Site "Belfort"]
[Date "1983.08.12"]
[Round "1"]
[White "Stohl, Igor"]
[Black "Trindade, Sandro Heleno"]
[Result "1-0"]
[WhiteElo "2335"]
[BlackElo "2320"]
[Annotator "Bulletin/Primel,D"]
[PlyCount "53"]
[EventDate "1983.08.12"]
[EventType "swiss"]
[EventRounds "13"]
[EventCountry "FRA"]
[SourceTitle "EXT 2015"]
[Source "ChessBase"]
[SourceDate "2014.11.20"]
[SourceVersion "1"]
[SourceVersionDate "2014.11.20"]
[SourceQuality "1"]
[TimeControl "40/9000:16/5400:0"]

1. Nf3 g6 2. c4 Bg7 3. d4 c5 4. e4 d6 (4... cxd4 5. Nxd4 Nc6 6. Be3 (6. Nb3 a5
7. a4 d6 8. Be2 Nh6 9. O-O O-O 10. Nc3 f5 11. h4 f4 12. Nd5 Be5 13. g3 Bh3 14.
Re1 fxg3 $1 15. fxg3 Bxg3 16. Bxh6 Rf2 $132 {Diemer}) 6... Nh6 $5 {retardant
la poussée d6} 7. Be2 f5 8. Nc3 fxe4 9. Nxe4 Qa5+ 10. Nc3 Nf5 11. Nxf5 Qxf5) 5.
Nc3 cxd4 6. Nxd4 Nc6 7. Be3 Nh6 $5 {[%cal Gh6g4,Gf7f5,Gc6d4] Une ligne
secondaire agressive concue par le théoricien Simaguine} (7... Nf6 {La grande
ligne} 8. Be2 O-O 9. O-O Bd7 10. Qd2 (10. Nc2 Qa5 11. a3 Rfc8 12. f4 Be6 13.
Rc1 (13. b4 Qd8) 13... Qd8 14. f5 Bd7 15. Nb4 Ne5 (15... Nxb4 16. axb4 Bc6 17.
b5 Bxe4 18. Nxe4 Nxe4 19. fxg6 hxg6 20. Rxf7 $1 Kxf7 21. Qd5+ e6 22. Qxb7+ Rc7
23. Qxe4 Bxb2 (23... Kg8) 24. Rf1+ $40) 16. b3 {Khalifman}) 10... Nxd4 11. Bxd4
Bc6 12. f3 Nd7 13. Be3 a5 14. b3 Nc5 (14... f5 15. exf5 gxf5 16. f4) 15. Rab1
Qb6 (15... e6 16. Rfd1 Be5 {[%cal Gd8h4]}) 16. Rfc1 Rfc8 17. Rc2 Qd8 18. Bf1 h5
) 8. Be2 (8. f3 $5 f5 9. Qd2 Nf7 10. exf5 gxf5 11. f4 $14 {[%csl Rf7] ;
O'Kelly de Galway,A-Donner,J Dublin 1956 (6) 1/2-1/2}) (8. h3 {[%csl Rh6][%cal
Gf2f4]} f5 9. exf5 Nxf5 10. Nxf5 Bxf5 11. Rc1 (11. Qd2)) 8... f5 {L'idée de
la variante Nh6} (8... O-O 9. Qd2 Ng4 10. Bxg4 Bxg4 11. O-O a6 12. f4 $36 {
[%csl Rg4][%cal Gf4f5]}) 9. exf5 gxf5 $6 (9... Nxf5 $142 10. Nxf5 Bxf5 {
Liebert,H (2400)-Byrne,R (2560) Lugano ol (Men) fin-A 1968 (13) 1/2-1/2}) 10.
Nxc6 $2 $146 (10. Bh5+ $1 {Plus simple pour réfuter l'ordre de coups des Noirs}
Nf7 11. Bxf7+ Kxf7 12. Qh5+ Kf8 13. Nxf5 $40 Bxc3+ $6 14. bxc3 Bxf5 15. Qxf5+ (
15. Bh6+ $1 Kg8 16. Qxf5 Qe8 17. O-O Qg6 18. Qh3 $18 {[%csl Rg8,Rh8]}) 15...
Ke8 16. O-O Qa5 17. c5 Rd8 18. Qh5+ Kd7 19. Qg4+ Kc7 20. cxd6+ exd6 21. c4 Rhg8
22. Qe2 Qf5 23. Kh1 Rde8 24. Rfd1 Re6 25. Qd3 Qg4 26. Qxh7+ Re7 27. Qh3 Qe4 28.
Qf3 Qxf3 29. gxf3 Rf7 30. f4 b6 31. Rd5 Rh8 32. Kg2 Na5 33. Rc1 Rfh7 34. Rg5
Rxh2+ 35. Kf3 Kc6 36. c5 R8h3+ 37. Ke2 dxc5 38. Bxc5 Rh1 39. Rc2 Kb5 {
Sofrevski,J (2410)-Rajkovic,D (2410) Skopje 1971 1-0}) 10... bxc6 11. Bf3 (11.
Bh5+ {Trop tard!} Nf7 12. Bxf7+ Kxf7 13. Qh5+ Kf8 {[%cal Gd8e8]} 14. Bh6 Rg8
15. O-O Qe8 $132) 11... Bd7 12. Bxh6 $5 Bxh6 13. Bxc6 $1 Bxc6 14. Qh5+ Kd7 15.
Qxh6 Qg8 (15... Bxg2 $6 16. Rg1 {[%csl Rd7][%cal Ge1c1,Gg1g7]}) 16. Qf4 (16.
O-O-O Qxc4 17. Kb1 Rab8 $132 {[%cal Gc4c3]}) 16... Bxg2 (16... Qxg2 17. Qxf5+
Ke8 18. O-O-O $13 {[%csl Rc1,Re8]}) 17. Rg1 Qe6+ 18. Kd2 $13 {[%csl Rd2,Rd7]
[%cal Ga1e1] Les deux K sont maintenant trés exposés} Rhg8 19. f3 $1 {
[%csl Rg2]} (19. Rae1 Rg4 $5) 19... Qf6 20. Kc2 (20. Rae1 Rac8 21. Kc2 (21. Qe3
{[%csl Ra7]})) 20... Qg5 $6 (20... Qe5 $142 21. Qxe5 dxe5 22. Rae1 Ke6 23. Nd5
Bxf3 (23... Rac8 24. Nf4+) 24. Nc7+ Kf6 25. Nxa8 Rxa8 $44 {[%cal Ge5e4]}) 21.
Qd4 Qh5 $2 22. Rae1 (22. Nd5 Qxf3 (22... Bxf3 23. Rxg8 Rxg8 24. Qxa7+) 23. Rge1
e5 24. Qh4 $40 {[%csl Rd7,Rh7]}) 22... Bxf3 $4 (22... Qxf3 $8 23. Nd5 e5 24.
Qh4 {La position Noire est difficile mais encore jouable}) 23. Rxg8 Rxg8 24.
Qxa7+ Kc6 25. Rxe7 Rg2+ 26. Kb3 Bd1+ 27. Ka3 1-0

[Event "EU-ch 11th"]
[Site "Rijeka"]
[Date "2010.03.17"]
[Round "11"]
[White "Timofeev, Artyom"]
[Black "Mamedov, Rauf"]
[Result "1-0"]
[WhiteElo "2655"]
[BlackElo "2639"]
[Annotator "CB"]
[PlyCount "81"]
[EventDate "2010.03.06"]
[EventType "swiss"]
[EventRounds "11"]
[EventCountry "CRO"]
[SourceTitle "CBM 136"]
[Source "ChessBase"]
[SourceDate "2010.05.18"]
[SourceVersion "1"]
[SourceVersionDate "2010.05.18"]
[SourceQuality "1"]

1. e4 c5 2. Nf3 Nc6 3. d4 cxd4 4. Nxd4 g6 5. c4 Bg7 6. Be3 d6 7. Nc3 Nf6 8. Be2
O-O 9. O-O Bd7 10. Nc2 Rc8 11. Rc1 Be6 12. Qd2 Nd7 13. Rfd1 Nc5 14. b4 Nd7 15.
Nd5 {Though Timofeev's advantage is obvious, his exploitation of it is
spectacular.} Nce5 16. Nd4 Bxd5 17. cxd5 Nb6 18. Rxc8 Qxc8 19. Rc1 Qb8 20. Nb5
Ned7 {#} 21. a4 $1 a6 (21... Nxa4 22. Bxa7 Qa8 23. Rc7) 22. a5 Na8 23. Na7 f5 (
23... Nc7 24. Qc2 Ne8 25. Nc8 Bf6 26. Qa4 Ne5 27. Nb6 Ng7 (27... g5 28. Rc8 Qa7
29. Ra8 $1 {It isn't often one sees a queen captured this way.}) (27... Nc7 28.
f4 {and the knight is lost.}) 28. f4 {and the knight has no squares.}) 24. exf5
gxf5 {#} 25. Nc6 $1 {Timofeev finds a spectacular solution to the position.}
bxc6 26. dxc6 Ne5 27. Bxa6 {With three passed pawns, backed up by two bishops,
a rook, and a queen, do you really have any doubts?} Nc7 28. Be2 Kh8 29. Bb6 f4
30. Bxc7 Qxc7 {# Remember the Rawhide theme song also sung by the Blues
Brothers?} 31. b5 {"Rollin, Rollin, Rollin..."} f3 32. Bf1 fxg2 33. Bxg2 Qc8
34. c7 {"...though the streams are swollen..."} Nf3+ 35. Bxf3 Rxf3 36. b6 {
"... keep them dogies rollin..."} Rf8 37. Qd5 Be5 38. b7 Qf5 39. Qg2 Bxh2+ 40.
Kxh2 Qf4+ 41. Qg3 1-0

[Event "EU-ch (Women) 11th"]
[Site "Rijeka"]
[Date "2010.03.16"]
[Round "10"]
[White "Cmilyte, Viktorija"]
[Black "Muzychuk, Anna"]
[Result "1-0"]
[WhiteElo "2485"]
[BlackElo "2533"]
[Annotator "CB"]
[PlyCount "163"]
[EventDate "2010.03.06"]
[EventType "swiss"]
[EventRounds "11"]
[EventCountry "CRO"]
[SourceTitle "CBM 135 Extra"]
[Source "ChessBase"]
[SourceDate "2010.05.04"]
[SourceVersion "1"]
[SourceVersionDate "2010.05.04"]
[SourceQuality "1"]

1. Nf3 c5 2. c4 Nc6 3. d4 cxd4 4. Nxd4 g6 5. e4 Bg7 6. Be3 Nf6 7. Nc3 d6 8. Be2
O-O 9. O-O Nxd4 10. Bxd4 Be6 11. b3 Nd7 12. Bxg7 Kxg7 13. Qd4+ f6 14. f4 Qb6
15. Qxb6 Nxb6 16. Bf3 Rad8 17. Rad1 Nd7 18. Rd2 a6 19. Re1 Rfe8 {#} 20. e5 $3 {
A beautiful shot.} dxe5 (20... fxe5 21. Bxb7 Nc5 22. Bf3 Bf5 ({Black would
love to save the e-pawn somehow, but} 22... exf4 23. b4 {and the bishop on e6
will fall.}) 23. g4 (23. fxe5 Nd3) 23... e4 24. Bd1 Bc8 25. Nxe4) 21. Red1 {
Black loses material as the knight is pinned and after} b5 22. Bc6 {wins the
piece.} bxc4 23. Bxd7 Bxd7 24. Rxd7 Rxd7 25. Rxd7 cxb3 26. axb3 exf4 27. Nd5
Kf7 28. Ra7 g5 29. b4 h5 30. Kf2 Rd8 31. Nxe7 Rd2+ 32. Kf1 Rb2 33. Nc6+ Kg6 34.
Rxa6 Kf5 35. Ne7+ Ke5 36. Ra5+ Ke6 37. Nc6 Rb1+ 38. Ke2 Rb2+ 39. Kf3 Rb3+ 40.
Ke2 Rb2+ 41. Kd3 Rxg2 42. b5 Kd6 43. Nd4 Rg1 44. Ra6+ Kc5 45. Rc6+ Kd5 46. Ne2
Rd1+ 47. Kc2 Ra1 48. Rxf6 Ke4 49. Ra6 Rh1 50. Nc3+ Ke5 51. Ra8 Kd6 52. Rc8
Rxh2+ 53. Kb3 Kd7 54. Rf8 Rd2 55. Rf5 g4 56. Rxf4 Ke6 57. Rf8 g3 58. Rg8 h4 59.
Ne4 Rd1 60. Kc4 Rc1+ 61. Kb4 Rb1+ 62. Kc5 Rb3 63. b6 Kf7 64. Rg4 Rb1 65. Kc6
Rc1+ 66. Kd7 Rb1 67. Kc6 Rc1+ 68. Kb7 Ke6 69. Rxh4 g2 70. Ng5+ Kd7 71. Nf3 Rf1
72. Rd4+ Ke7 73. Rd2 Rxf3 74. Rxg2 Rb3 75. Rd2 Rb1 76. Kc7 Rc1+ 77. Kb8 Rb1 78.
b7 Ra1 79. Rd4 Ke6 80. Kc7 Rc1+ 81. Kb6 Rb1+ 82. Kc6 1-0

[Event "WchT U26 04th"]
[Site "Chicago"]
[Date "1983.08.??"]
[Round "5"]
[White "Chandler, Murray G"]
[Black "Petursson, Margeir"]
[Result "1/2-1/2"]
[WhiteElo "2500"]
[BlackElo "2455"]
[Annotator "Chandler,M"]
[PlyCount "114"]
[EventDate "1983.08.22"]
[EventType "team-swiss"]
[EventRounds "11"]
[EventCountry "USA"]
[SourceTitle "EXT 2017"]
[Source "ChessBase"]
[SourceDate "2016.10.25"]
[SourceVersion "1"]
[SourceVersionDate "2016.10.25"]
[SourceQuality "1"]
[WhiteTeam "England"]
[BlackTeam "Iceland"]
[WhiteTeamCountry "ENG"]
[BlackTeamCountry "ISL"]

1. e4 c5 2. Nf3 Nc6 3. d4 cxd4 4. Nxd4 g6 5. c4 Bg7 6. Be3 Nf6 7. Nc3 O-O 8.
Be2 d6 9. f3 Bd7 10. Qd2 Nxd4 11. Bxd4 a5 12. O-O Bc6 13. Kh1 Nd7 14. Bxg7 Kxg7
15. f4 Nc5 16. Bg4 e5 $6 (16... a4 {inf 36}) 17. f5 f6 18. Qe2 Qe7 19. Rf3 b6
20. Rg3 Rh8 21. Bh5 g5 22. h4 h6 23. Rd1 Rad8 24. Bg6 Qb7 25. Re3 Kf8 26. b3
Qc7 27. Kh2 Ke7 28. Rh1 Qb7 29. Kg1 Qa8 30. Qc2 Rdf8 31. a3 a4 32. bxa4 Nxa4
33. Nxa4 Qxa4 34. Qxa4 Bxa4 35. Kf2 Rc8 36. Rc3 g4 37. Rb1 b5 38. Rbc1 Rb8 39.
c5 dxc5 40. Rxc5 Rhd8 41. Rc7+ Rd7 42. Rxd7+ Kxd7 43. Kg3 Rc8 44. Rxc8 Kxc8 45.
Kxg4 Bd1+ 46. Kg3 Kc7 47. Bf7 Kb6 48. Kh3 b4 49. axb4 Kb5 50. g4 Kxb4 51. Bh5
Bc2 52. g5 hxg5 53. hxg5 Bxe4 54. gxf6 Bxf5+ 55. Bg4 Bg6 56. Kh4 Bf7 57. Kg5
Kc5 1/2-1/2